00723nam a2200241Ia 450000500170000000800460001703700110006304000080007404000080008204000080009004100080009804100080010608400080011410000490012224500800017126000090025130000100026065000130027070000820028394200070036599900210037295200880039320260430150127.0008 250103s9999 xx 000 0 eng d aTheses aCRL beng ceng 2eng aeng qCRL aMonika Au.; Jhunjhunwala Shital Gu.91236540 0aCorporate governance and dividend policy: Evidence from indian listed firms c2022 a200p. aCommerce aUniversity of Delhi. Faculty of Commerce and Business. Department of Commerce cTH c1849012d1849012 00104070aCRLbCRLd2026-04-30l0pTH0026394r2026-04-30 15:01:27w2026-04-30yTH